000
00290nam a22001337a 4500
008
170405b xxu||||| |||| 00| 0 eng d
020
_a
0891892354
041
_a
eng
080
_a
616.15
100
_a
9
101
_a
SHM
245
_a
HEMATOLOGIC DISORDERS
_c
KJEKSBERG, C
942
_2
udc
_c
BK
999
_c
9898
_d
9898